| 000 | 01033nam a2200325 i 4500 | ||
|---|---|---|---|
| 003 | DO-SdBNP | ||
| 005 | 20240412074310.0 | ||
| 007 | ta | ||
| 008 | 230705b2022 dr ||||| |||| 00| 0 spa d | ||
| 020 | _a9789945629170 | ||
| 040 |
_aDO-SdBNP _bspa _cBNPHU _erda |
||
| 082 | 4 |
_aRD863.44 _bG216g 2022 _222 |
|
| 100 | 1 |
_aGarcía Guerra, Iván, _d1938- _eautor _9144 |
|
| 245 | 1 | 3 |
_aLa guerra no es para nosotros / _cIvan García ; prólogo José Alcántara Almánzar |
| 250 | _a2a ed. | ||
| 264 | 1 |
_aSanto Domingo : _bTaller, _c2022. |
|
| 300 |
_a198 páginas ; _c21 cm. |
||
| 336 |
_2rdacontent _atexto _btxt |
||
| 337 |
_2rdamedia _asin mediación _bn |
||
| 338 |
_2rdacarrier _avolumen _bnc |
||
| 490 | 1 | _v297 | |
| 490 | 1 |
_aArte y Literatura _v113 |
|
| 500 | _aIncluye datos biográficos del autor en las solapas | ||
| 590 | _aInventariado, 2023/BT | ||
| 650 | 0 |
_aCuentos dominicanos _9176 |
|
| 650 | 0 |
_aLiteratura dominicana. _967 |
|
| 700 | 1 |
_aAlcántara Almánzar, José, _eprólogo |
|
| 910 | _aBtavárez | ||
| 942 |
_2ddc _cLBS1 |
||
| 999 |
_c54114 _d54114 |
||